ASOMOR BURANJI (Record no. 4596)
[ view plain ]
| 000 -LEADER | |
|---|---|
| fixed length control field | 00405cam a2200169ua 4500 |
| 008 - FIXED-LENGTH DATA ELEMENTS--GENERAL INFORMATION | |
| fixed length control field | 121004n1976 II |||gr||||Z||||||asm |
| 040 ## - CATALOGING SOURCE | |
| Original cataloging agency | MAIN |
| 041 ## - LANGUAGE CODE | |
| -- | English |
| 082 ## - DEWEY DECIMAL CLASSIFICATION NUMBER | |
| Classification number | 954.162 BAR |
| 100 ## - MAIN ENTRY--PERSONAL NAME | |
| Personal name | GOHAIN BARUAH , PADMANATH. |
| 245 ## - TITLE STATEMENT | |
| Title | ASOMOR BURANJI |
| 260 ## - PUBLICATION, DISTRIBUTION, ETC. | |
| Place of publication, distribution, etc. | GUWAHATI |
| Name of publisher, distributor, etc. | AXOM PRAKASHAN PARISHAD |
| Date of publication, distribution, etc. | 1976 |
| 300 ## - PHYSICAL DESCRIPTION | |
| Extent | 190: |
| Dimensions | 23CM. |
| 942 ## - ADDED ENTRY ELEMENTS (KOHA) | |
| Koha item type | Books |
| 653 ## - INDEX TERM--UNCONTROLLED | |
| Uncontrolled term | History of Assam |
| Withdrawn status | Lost status | Damaged status | Not for loan | Collection code | Home library | Current library | Shelving location | Date acquired | Total Checkouts | Full call number | Barcode | Date last seen | Date last checked out | Copy number | Price effective from | Koha item type |
|---|---|---|---|---|---|---|---|---|---|---|---|---|---|---|---|---|
| TBHIS | Central Library and Information Centre Sibsagar Girls College | Central Library and Information Centre Sibsagar Girls College | History Rack | 15.05.1975 | 1 | 954.162 BAR | 04379 | 27.02.2026 | 04.12.2025 | 1 | 27.02.2020 | Books |